LEADER 00786cam0-2200301---450- 001 990004686050403321 005 20140922160629.0 010 $a84-398-9499-6 035 $a000468605 035 $aFED01000468605 035 $a(Aleph)000468605FED01 035 $a000468605 100 $a19990604d1987----km-y0itay50------ba 101 0 $aspa 102 $aES 105 $a--------001gy 200 1 $aCuadernos de poesia nueva 210 $aMadrid$cSersa$d1987 215 $a70 p.$d20 cm 300 $aSul front.: Asociacion Promoteo de poesia 676 $a861.64 801 0$aIT$bUNINA$gRICA$2UNIMARC 901 $aBK 912 $a990004686050403321 952 $a861.64 APP 1$bDip.f.m.5597$fFLFBC 959 $aFLFBC 996 $aCuadernos de poesia nueva$9554421 997 $aUNINA LEADER 01748oas 2200625 a 450 001 9910689690503321 005 20250602213025.0 035 $a(OCoLC)52640159 035 $a(CONSER) 2003230458 035 $a(CKB)2550000001047500 035 $a(EXLCZ)992550000001047500 100 $a20030718b20042007 ua a 101 0 $aeng 135 $auran||||||||| 181 $ctxt$2rdacontent 182 $cc$2rdamedia 183 $acr$2rdacarrier 200 10$aCo?mo reembolsar sus pre?stamos para estudiantes 210 $a[Washington, D.C.] $cFederal Student Aid 215 $a1 online resource (volumes) 311 08$a2328-2010 606 $aStudent aid$zUnited States$vPeriodicals 606 $aStudent loans$zUnited States$vPeriodicals 606 $aStudent aid$2fast$3(OCoLC)fst01432104 606 $aStudent loans$2fast$3(OCoLC)fst01431545 607 $aUnited States$2fast$1https://id.oclc.org/worldcat/entity/E39PBJtxgQXMWqmjMjjwXRHgrq 608 $aPeriodicals.$2fast 608 $aPeriodicals.$2lcgft 615 0$aStudent aid 615 0$aStudent loans 615 7$aStudent aid. 615 7$aStudent loans. 676 $a371.224 712 02$aUnited States.$bDepartment of Education.$bFederal Student Aid. 801 0$bGPO 801 1$bGPO 801 2$bOCLCQ 801 2$bGPO 801 2$bDLC 801 2$bOCLCQ 801 2$bCUS 801 2$bGPO 801 2$bOCLCF 801 2$bINR 801 2$bOCLCO 801 2$bOCLCQ 801 2$bGILDS 801 2$bOCLCO 801 2$bOCLCA 801 2$bOCLCQ 801 2$bOCLCL 906 $aJOURNAL 912 $a9910689690503321 996 $aCo?mo reembolsar sus pre?stamos para estudiantes$93221026 997 $aUNINA